Văn hoá dân gian làng Tri Chỉ
Giới thiệu về vùng đất, con người và văn học dân gian, di tích văn hoá, tín ngưỡng, phong tục cổ truyền của làng Tri Chỉ, xã Chí Trung, huyện Phú Xuyên, Hà Nội
Sparad:
| Huvudupphovsman: | |
|---|---|
| Övriga upphovsmän: | , |
| Materialtyp: | Bok |
| Språk: | Vietnamese |
| Publicerad: |
H.
Lao động
2011
|
| Ämnen: | |
| Taggar: |
Lägg till en tagg
Inga taggar, Lägg till första taggen!
|
| Thư viện lưu trữ: | Mạng thư viện Đại học Đà Nẵng |
|---|
| LEADER | 01567aam a22004098a 4500 | ||
|---|---|---|---|
| 001 | 000015938 | ||
| 003 | 12326 | ||
| 005 | 20120606150642.0 | ||
| 008 | 120606s2011 viesd | ||
| 020 | |a 9786045900390 |d 2000b | ||
| 041 | 0 | |a vie | |
| 082 | 1 | 4 | |2 14 |a 390.0959731 |b VU-L |
| 100 | 1 | |a Vũ Quang Liễn | |
| 245 | 1 | 0 | |a Văn hoá dân gian làng Tri Chỉ |c Vũ Quang Liễn, Vũ Quang Dũng, Đinh Hồng Hải |
| 260 | |a H. |b Lao động |c 2011 | ||
| 300 | |a 350tr. |b hình vẽ |c 21cm | ||
| 500 | |a ĐTTS ghi: Hội Văn nghệ dân gian Việt Nam | ||
| 504 | |a Phụ lục: tr. 225-346 | ||
| 520 | |a Giới thiệu về vùng đất, con người và văn học dân gian, di tích văn hoá, tín ngưỡng, phong tục cổ truyền của làng Tri Chỉ, xã Chí Trung, huyện Phú Xuyên, Hà Nội | ||
| 650 | 7 | |2 Bộ TK TVQG |a Văn hoá dân gian | |
| 650 | 7 | |2 Bộ TK TVQG |a Làng | |
| 651 | 4 | |a Tri Trung | |
| 651 | 7 | |2 Bộ TK TVQG |a Hà Nội | |
| 651 | 7 | |2 Bộ TK TVQG |a Phú Xuyên | |
| 651 | 4 | |a Tri Chỉ | |
| 700 | 1 | |a Vũ Quang Dũng | |
| 700 | 1 | |a Đinh Hồng Hải | |
| OWN | |a LSP | ||
| AVA | |a UDN50 |b LSP |d 390.0959731 VU-L |e available |t Error 5001 Not defined in file expand_doc_bib_avail. |f 1 |g 0 |h N |i 0 |k 1 | ||
| 999 | |a From the UDN01 | ||
| AVA | |a UDN50 |b LSP |d 390.0959731 VU-L |e available |t Error 5001 Not defined in file expand_doc_bib_avail. |f 1 |g 0 |h N |i 0 |k 1 | ||
| TYP | |a Monograph | ||
| TYP | |a Printed language | ||
| 980 | |a Mạng thư viện Đại học Đà Nẵng | ||


